000 00371nam a2200157Ia 4500
008 151213s9999 xx 000 0 und d
100 _aM.Saiful Alam
245 _aLaw Dictionary
_cM.Saiful Alam
250 _a1st
260 _aDhaka
_bGloval Edastrivice
_c20004
300 _a2583 p.
650 _aLaw
650 _aLaw
700 _aM.Saiful Alam
999 _c1728
_d1728